Changing patterns of international rivalry : Some lessons from the steel industry

Zapisane w:
Opis bibliograficzny
1. autor: Abe, Etsuo
Format: Książka
Język:Undetermined
Wydane: Tokyo University of Tokyo Press 1991
Hasła przedmiotowe:
Etykiety: Dodaj etykietę
Nie ma etykietki, Dołącz pierwszą etykiete!
Thư viện lưu trữ: Trung tâm Học liệu Trường Đại học Cần Thơ
LEADER 00543nam a2200193Ia 4500
001 CTU_99757
008 210402s9999 xx 000 0 und d
082 |a 338.47669 
082 |b A138 
100 |a Abe, Etsuo 
245 0 |a Changing patterns of international rivalry : 
245 0 |b Some lessons from the steel industry 
260 |a Tokyo 
260 |b University of Tokyo Press 
260 |c 1991 
650 |a Steel industry and trade 
650 |x History 
904 |i Truc 
980 |a Trung tâm Học liệu Trường Đại học Cần Thơ